It looks like you're offline.
Open Library logo
additional options menu

MARC Record from Scriblio

Record ID marc_records_scriblio_net/part01.dat:5680751:849
Source Scriblio
Download Link /show-records/marc_records_scriblio_net/part01.dat:5680751:849?format=raw

LEADER: 00849cam 2200241 a 4500
001 00025970
003 DLC
005 20010514155538.0
008 000222s2000 nyua 000 0aeng
010 $a 00025970
020 $a0060193506
040 $aDLC$cDLC$dDLC
043 $an-us---
050 00 $aPN2287.S3716$bA3 2000
082 00 $a792/.028/092$aB$221
100 1 $aShepherd, Cybill,$d1950-
245 10 $aCybill disobedience :$bhow I survived beauty pageants, Elvis, sex, Bruce Willis, lies, marriage, motherhood, hollywood, and the irrepressible urge to say what I think /$cCybill Shepherd with Aimee Lee Ball.
250 $a1st ed.
260 $aNew York :$bHarperCollins,$cc2000.
300 $a294 p. :$bill. (some col.) ;$c24 cm.
600 10 $aShepherd, Cybill,$d1950-
650 0 $aActors$zUnited States$vBiography.
700 1 $aBall, Aimee Lee.